1776 1085 1676 1404 1556 1189 1011 1116 1265 1762 1711 1661 1432 1966 1778 1520 1192 1450 1370 1931 1644 1866 1761 1560 1797 1465 1554 1531 1039 1481 1976 1370 1607 1035 1674 1904 1085 1974 1752 1872 1855 1056 1462 1395 1083 1318 1878 1226 1508 1462 1228 1499 1134 1159 1005 1435 1367 1269 1078 1331 1541 1220 1338 1903 1709 1027 1729 1250 1999 1750 1440 1864 1676 1637 1797 1917 1618 1756 1584 1802 1021 1229 1355 1614 1888 1357 1548 1135 1354 1980 1740 1488 1032 1313 1902 1909 1943 1673 1617 BCNSPRNW ULIB Ver.6.0+V

เปลี่ยนเป็นภาษาไทย

Change to English
 แสดงรายละเอียดบรรณานุกรม
  กลับหน้าหลัก

Brief Record : Get Marc (ISO 2709) : E-mail record : QR code < ปิดหน้าต่าง
LEADER : 00000nam 2200000uu 4500
001    13399110762
003     ULIB
008    110608s2551||||th 000 0 tha d
020    9789749508817
060 04 WS105.5.F2^bช541ร 2551
100 0  คิวโทกุ, ชิเงโมริ
245 10 โรคแม่ทำ /^cโดย ชิเงโมริ คิวโทกุ ; แปล/เรียบเรียงโดย สมอาจ วงษ์ขมทอง
250    พิมพ์ครั้งที่ 12
260    กรุงเทพฯ :^bหมอชาวบ้าน,^c2551
300    163 หน้า :^bภาพประกอบ
650  2 Family Relations
650  2 Parent-Child Relations
700 00 สมอาจ วงษ์ขมทอง,^eผู้แปล
945    ^p130^l0^i026380
945    ^p130^l0^i024144
945    ^p130^l0^i026381
995    ทศพร
999 ^a ใช้งานได้ทุกระบบ
รายการนี้ยังไม่มีแท็ก
คุณยังไม่ได้ล็อกอิน คุณสามารถมีกิจกรรมร่วมกับเว็บไซต์ได้ แต่ต้องล็อกอินก่อน ::
  ล็อกอิน

รายการสื่อสารสนเทศ

ลำดับที่ ประเภท เลขเรียก/บาร์โค้ด สถานที่ สถานะ
- ไม่พบข้อมูล -

รายการใกล้เคียง
    ผู้แต่ง [คิวโทกุ, ชิเงโมริ]

    หัวเรื่อง [Family Relations]
    หัวเรื่อง [Parent-Child Relations]

BibComment


ยังไม่เคยถูกคอมเมนท์

คอมเมนท์ทรัพยากรรายการนี้
  คอมเมนท์: โรคแม่ทำ โดย ชิเ..


 Copyright 2026. Bcnsprnw @Library